000 00482nam a2200169 a 4500
001 000017818
005 20200929165236.0
008 100406s2006 dr ac 000 0 spa d
020 _a999347990X
040 _aDO-SdBNP
082 _axxx
_bF316m
100 1 _aFeliz Méndez, Arsenio
_938714
245 1 0 _aMi país y mi transfiguración cristiana /
_cArsenio Feliz Méndez.
260 _aSanto Domingo :
_bBúho,
_c2006.
300 _a480 p. :
_bil., retr. ;
_c24 cm.
049 _aBNPD
999 _c17342
_d17342